| 000 | 00369nam a2200121Ia 4500 | ||
|---|---|---|---|
| 008 | 220204s9999 xx 000 0 und d | ||
| 082 |
_a634.616:631.153.3 _bTHO |
||
| 100 | _aThomas, George V | ||
| 245 | 0 | _aCoconut based cropping/farming systems | |
| 260 |
_aKasaragod _bCentral Plantation Crops Research Institute _c2010 |
||
| 650 | _aCoconut intercropping | ||
| 942 | _cBK | ||
| 999 |
_c44435 _d44435 |
||